000 00605nam a2200253Ia 4500
003 OSt
005 20221006142459.0
006 a|||||r|||| 00| 0
007 ta
008 221006b |||||||| |||| 00| 0 eng d
020 _c12.00
024 _a6,445
037 _cTextual
040 _aEASL
_cEASL
_beng
041 _2eng
_aeng
082 _aY.41.N42, H2
245 0 _aChina after five years of war
260 _aChungking
_bChina Pub.
_c1942
300 _a215p.
_ccm.
490 _v CEL
650 _aCEL
942 _hY.41.N42, H2
_cTEXL
_2CC
999 _c1074531
_d1074531